| 000 | 00509cam a2200193 4500 | ||
|---|---|---|---|
| 001 | D6939 | ||
| 008 | 090401t1984 xxu||||| |||| 00| 0 eng d | ||
| 035 | _a(Sirsi) u4036 | ||
| 041 | _aeng | ||
| 050 | _a658.202 | ||
| 100 | _aHarlow, Peter (ed) | ||
| 245 | _aManaging building maintenance | ||
| 260 |
_aAscot, Berks _bChartered Institute of Building _c1984 |
||
| 300 | _a230p. ill. 24cm | ||
| 350 | _a12 | ||
| 520 | _aIncludes a review of the literature 1970 - 1984 | ||
| 942 | _n0 | ||
| 948 | _c04/03/1997 | ||
| 999 |
_c85987 _d85987 |
||